El poder de una amiga positiva (Registro nro. 4685)
[ vista simple ]
| 000 -CABECERA | |
|---|---|
| campo de control de longitud fija | 00708aam a2200265 4500 |
| 005 - FECHA Y HORA DE ACTUALIZACIÓN | |
| campo de control | 20170112145641.0 |
| 008 - LONGITUD FIJA | |
| campo de control de longitud fija | 150416b xxu||||| |||| 00| 0 spa d |
| 041 ## - IDIOMA | |
| Código de idioma del texto/pista de sonido o título separado | |
| 082 ## - CLASIFICACIÓN DECIMAL DEWEY | |
| Número de clasificación | 155.23 L154p |
| 100 ## - AUTOR PERSONAL | |
| Nombre de persona | Ladd, Karol |
| 245 ## - TÍTULO PROPIAMENTE DICHO | |
| Título | El poder de una amiga positiva |
| 260 ## - PIE DE IMPRENTA | |
| Lugar de publicación, distribución, etc. | Estados Unidos |
| Nombre del editor, distribuidor, etc. | Casa Creación |
| Fecha de publicación, distribución, etc. | 2007 |
| 300 ## - DESCRIPCIÓN FÍSICA | |
| Extensión | 255 páginas |
| 650 ## - Materia General | |
| Materia general | SUPERACIÓN PERSONAL |
| 650 ## - Materia General | |
| Materia general | AMISTAD |
| 650 ## - Materia General | |
| Materia general | AMIGOS |
| 650 ## - Materia General | |
| Materia general | HERMANDAD |
| 650 ## - Materia General | |
| Materia general | ANIMAR |
| 650 ## - Materia General | |
| Materia general | PODER DE DAR |
| 650 ## - Materia General | |
| Materia general | LEALTAD |
| 650 ## - Materia General | |
| Materia general | LAZOS ESPIRITUALES |
| 650 ## - Materia General | |
| Materia general | HONESTIDAD |
| 650 ## - Materia General | |
| Materia general | PERDÓN |
| 942 ## - Punto de Acceso Adicional Koha | |
| Tipo de ítem Koha | Libro |
| Estado perdido | Estado dañado | No para préstamo | Biblioteca permanente | Biblioteca actual | Signatura completa | Código de barras | Precio efectivo a partir del | Tipo de ítem |
|---|---|---|---|---|---|---|---|---|
| Departamento de Biblioteca y Documentación Alfonso Chase Brenes | Departamento de Biblioteca y Documentación Alfonso Chase Brenes | 155.23 L154p | 13559 | 12/01/2017 | Libro |